Statistics for Seas that Touch the Most Countries

Click here to take the quiz!

General Stats

  • This quiz has been taken 32,798 times
  • The average score is 8 of 13

Answer Stats

# Sea % Correct
21Mediterranean Sea
92%
6Black Sea
85%
7Red Sea
84%
7North Sea
77%
9Baltic Sea
74%
25Caribbean Sea
71%
5Caspian Sea
71%
10South China Sea
61%
6Adriatic Sea
55%
4Sea of Japan
53%
7Arabian Sea
41%
4East China Sea
19%
5Coral Sea
15%

Score Distribution

Percentile by Number Answered

Percent of People with Each Score

Your Score History

You have not taken this quiz